The Next generation space telescope (Record no. 14403)

MARC details
000 -LEADER
fixed length control field 00791nam a2200193Ia 4500
003 - CONTROL NUMBER IDENTIFIER
control field IN-BaIIA
008 - FIXED-LENGTH DATA ELEMENTS--GENERAL INFORMATION
fixed length control field 211028s9999 xx 000 0 eng d
020 ## - INTERNATIONAL STANDARD BOOK NUMBER
International Standard Book Number 92-9092-716-X
040 ## - CATALOGING SOURCE
Transcribing agency IIA Library
080 ## - UNIVERSAL DECIMAL CLASSIFICATION NUMBER
Universal Decimal Classification number 520.6(082.2)
Item number THE
111 ## - MAIN ENTRY--MEETING NAME
Meeting name or jurisdiction name as entry element Liege International Astrophysics Colloquium
Number of part/section/meeting 34th
Location of meeting Liege, Belgium
Date of meeting or treaty signing 1998 June 15-18
9 (RLIN) 25536
245 #4 - TITLE STATEMENT
Title The Next generation space telescope
Remainder of title science drivers and technological challenges; proceedings of the 34th Liege International astrophysics colloquium held in Liege, Belgium, June 15-18, 1998
Statement of responsibility, etc. compiled by B. Kaldeich-Schurmann
260 ## - PUBLICATION, DISTRIBUTION, ETC.
Place of publication, distribution, etc. The Netherlands
Name of publisher, distributor, etc. European Space Agency
Date of publication, distribution, etc. 1998
300 ## - PHYSICAL DESCRIPTION
Extent vi, 345p.
490 ## - SERIES STATEMENT
Series statement SP-429
650 ## - SUBJECT ADDED ENTRY--TOPICAL TERM
Topical term or geographic name entry element Space telescope
9 (RLIN) 12558
700 ## - ADDED ENTRY--PERSONAL NAME
Personal name Kaldeich-Schurmann, B., comp.
9 (RLIN) 25537
942 ## - ADDED ENTRY ELEMENTS (KOHA)
Koha item type Books
Holdings
Withdrawn status Lost status Damaged status Not for loan Home library Current library Shelving location Date acquired Total Checkouts Full call number Barcode Date last seen Price effective from Koha item type Purchase Price
        IIA Library-Bangalore IIA Library-Bangalore General Stacks 27/12/2001   520.6(082.2)/ THE 15323 05/11/2021 27/12/2001 Books € 35.00

Powered by Koha